| 000 | 00529nam a22001937a 4500 | ||
|---|---|---|---|
| 003 | KOHA_MİRAKIL | ||
| 005 | 20250430163727.0 | ||
| 008 | 250430b tu ||||| |||| 00| 0 tur d | ||
| 020 | _a9786258029291 | ||
| 040 |
_aTR-AnABB _btur _cTR-AnABB |
||
| 041 | _atur | ||
| 082 |
_a823.914 _bATK 2023 |
||
| 100 | 1 | _aAtkins, Dani, | |
| 245 | 1 | 0 |
_aAltı gün / _cDani Atkins |
| 260 |
_aİstanbul : _bOrman Kitap Yayınları, _c2023 |
||
| 300 |
_a328 sayfa ; _c21 cm |
||
| 650 | 0 | 4 | _aİngiliz edebiyatı, roman |
| 942 |
_2ddc _cBK |
||
| 999 |
_c8885 _d8885 |
||
| 900 | _bGizem YORULMAZ | ||